Conversaciones en torno a Blaise Pascal
Đã lưu trong:
| Tác giả chính: | |
|---|---|
| Định dạng: | Sách |
| Ngôn ngữ: | Tiếng Tây Ban Nha |
| Được phát hành: |
Viña del Mar
Universidad Viña del Mar
1999
|
| Loạt: | Seminario Paradigmas de la Ciencia
|
| Những chủ đề: | |
| Các nhãn: |
Thêm thẻ
Không có thẻ, Là người đầu tiên thẻ bản ghi này!
|
MARC
| LEADER | 00000nam a2200000 a 4500 | ||
|---|---|---|---|
| 001 | UCN8285 | ||
| 003 | CL-VaPUC | ||
| 005 | 20240510114211.0 | ||
| 008 | 011109e19990000CL |||||||||||||||||spa|d | ||
| 999 | |c 298300 |d 298298 | ||
| 040 | |c Pontificia Universidad Católica de Valparaíso | ||
| 082 | 0 | 4 | |a 510.1 |b IOM |2 21 |
| 100 | |a Iommi Amunátegui, Godofredo Tomás |e autor |9 604202 | ||
| 245 | 1 | 0 | |a Conversaciones en torno a Blaise Pascal |
| 260 | |a Viña del Mar |b Universidad Viña del Mar |c 1999 | ||
| 300 | |a 46 p | ||
| 490 | 0 | |a Seminario Paradigmas de la Ciencia | |
| 583 | |a last modification |c 20011109 00:00:00 |k Rodrigo Vera | ||
| 600 | 0 | |a Pascal, Blaise |q (Pascal, Blas) |d 1623-1662 |9 880816 | |
| 650 | 0 | |a Filosofía de las matemáticas |9 265233 | |
| 650 | 0 | |a Cálculo |9 260234 | |
| 650 | 0 | |a Filosofía francesa |9 255698 | |
| 942 | |c BK |2 ddc | ||
| 945 | |d 20011109 00:00:00 |a cmena | ||